<?xml version="1.0" encoding="UTF-8"?>
<record
    xmlns:xsi="http://www.w3.org/2001/XMLSchema-instance"
    xsi:schemaLocation="http://www.loc.gov/MARC21/slim http://www.loc.gov/standards/marcxml/schema/MARC21slim.xsd"
    xmlns="http://www.loc.gov/MARC21/slim">

  <leader>01864nam a2200277 a 4500</leader>
  <controlfield tag="001">000007019</controlfield>
  <controlfield tag="005">20250217092805.0</controlfield>
  <controlfield tag="008">090904s2000    dr            000 0 spa d</controlfield>
  <datafield tag="040" ind1=" " ind2=" ">
    <subfield code="a">DO-SdBNP</subfield>
    <subfield code="b">spa</subfield>
    <subfield code="c">BNPHU</subfield>
  </datafield>
  <datafield tag="082" ind1=" " ind2=" ">
    <subfield code="a">253.25</subfield>
    <subfield code="b">J91c</subfield>
  </datafield>
  <datafield tag="100" ind1="1" ind2=" ">
    <subfield code="a">Juanes, Benigno</subfield>
    <subfield code="d">1916-2009</subfield>
    <subfield code="9">442</subfield>
  </datafield>
  <datafield tag="245" ind1="1" ind2="0">
    <subfield code="a">Con un coraz&#xF3;n indiviso :</subfield>
    <subfield code="b">(el misterio de la virginidad y del celibato consagrado) /</subfield>
    <subfield code="c">Benigno Juanes, S.J.</subfield>
  </datafield>
  <datafield tag="260" ind1=" " ind2=" ">
    <subfield code="a">Santo Domingo, :</subfield>
    <subfield code="b">Amigo del Hogar,</subfield>
    <subfield code="c">2000.</subfield>
  </datafield>
  <datafield tag="300" ind1=" " ind2=" ">
    <subfield code="a">225 p. ;</subfield>
    <subfield code="c">22 cm.</subfield>
  </datafield>
  <datafield tag="490" ind1="1" ind2=" ">
    <subfield code="a">SENDA</subfield>
    <subfield code="v">12</subfield>
  </datafield>
  <datafield tag="490" ind1="1" ind2=" ">
    <subfield code="a">Guiones para una vida en Cristo</subfield>
  </datafield>
  <datafield tag="505" ind1="0" ind2=" ">
    <subfield code="g">Pr&#xF3;logo --</subfield>
    <subfield code="t">Car&#xE1;cter teologal de la vida consagrada --</subfield>
    <subfield code="t">El misterio de la virginidad y del celibato consagrado --</subfield>
    <subfield code="t">El misterio de la virginidad y del celibato consagrado como signo --</subfield>
    <subfield code="t">La vida consagrada misterio de comunidad de caridad --</subfield>
    <subfield code="t">El misterio de la virginidad y del celibato consagrado como renuncia --</subfield>
    <subfield code="t">La madurez afectiva y la castidad --</subfield>
    <subfield code="t">&#xBF;Es posible vivir la virginidad y el celibato con alegr&#xED;a interior? --</subfield>
    <subfield code="t">La vida de comunidad, el compartir fraternal y su incidencia en vivir la virginidad y el celibato consagrado --</subfield>
    <subfield code="t">La actitud de una discreta vigilancia --</subfield>
    <subfield code="t">La serenidad interior y el inter&#xE9;s por las cosas --</subfield>
    <subfield code="t">El trabajo apost&#xF3;lico y la castidad consagrada --</subfield>
    <subfield code="t">La intimidad con Dios en la oraci&#xF3;n --</subfield>
    <subfield code="t">El amor a Jesucristo y la vivencia de la virginidad y del celibato consagrado --</subfield>
    <subfield code="t">La Eucarist&#xED;a y la castidad consagrada --</subfield>
    <subfield code="t">El sacramento de la reconciliaci&#xF3;n y la castidad consagrada --</subfield>
    <subfield code="t">La vida consagrada misterio de fe --</subfield>
    <subfield code="g">Ep&#xED;logo.</subfield>
  </datafield>
  <datafield tag="590" ind1=" " ind2=" ">
    <subfield code="a">Inventariado, 2018/ YL</subfield>
  </datafield>
  <datafield tag="650" ind1=" " ind2="4">
    <subfield code="a">Voto de castidad</subfield>
    <subfield code="9">19509</subfield>
  </datafield>
  <datafield tag="650" ind1=" " ind2="4">
    <subfield code="a">Celibato</subfield>
    <subfield code="9">19510</subfield>
  </datafield>
  <datafield tag="650" ind1=" " ind2="4">
    <subfield code="a">Virginidad</subfield>
    <subfield code="9">19511</subfield>
  </datafield>
  <datafield tag="650" ind1=" " ind2="4">
    <subfield code="a">Vida religiosa</subfield>
    <subfield code="9">15864</subfield>
  </datafield>
  <datafield tag="830" ind1=" " ind2="0">
    <subfield code="a">SENDA</subfield>
    <subfield code="v">12</subfield>
    <subfield code="9">12405</subfield>
  </datafield>
  <datafield tag="830" ind1=" " ind2="0">
    <subfield code="a">Guiones para una vida en Cristo</subfield>
    <subfield code="9">446</subfield>
  </datafield>
  <datafield tag="910" ind1=" " ind2=" ">
    <subfield code="a">Validado. Control de calidad EMS</subfield>
  </datafield>
  <datafield tag="952" ind1=" " ind2=" ">
    <subfield code="0">0</subfield>
    <subfield code="1">0</subfield>
    <subfield code="5">4</subfield>
    <subfield code="7">0</subfield>
    <subfield code="8">DS</subfield>
    <subfield code="a">GR</subfield>
    <subfield code="b">GR</subfield>
    <subfield code="c">HD</subfield>
    <subfield code="d">2010-11-26</subfield>
    <subfield code="i">LF1</subfield>
    <subfield code="l">0</subfield>
    <subfield code="o">253.25 J91c</subfield>
    <subfield code="p">7019-30</subfield>
    <subfield code="r">2020-06-25</subfield>
    <subfield code="t">e. 3</subfield>
    <subfield code="w">2020-06-25</subfield>
    <subfield code="y">LFDS</subfield>
    <subfield code="Z">Pr&#xE9;stamo en sala</subfield>
  </datafield>
  <datafield tag="952" ind1=" " ind2=" ">
    <subfield code="0">0</subfield>
    <subfield code="1">0</subfield>
    <subfield code="7">1</subfield>
    <subfield code="8">PD</subfield>
    <subfield code="a">PD</subfield>
    <subfield code="b">PD</subfield>
    <subfield code="c">HD</subfield>
    <subfield code="d">2009-09-04</subfield>
    <subfield code="i">LF1</subfield>
    <subfield code="l">0</subfield>
    <subfield code="o">253.25 J91c</subfield>
    <subfield code="p">7019-10</subfield>
    <subfield code="r">2020-06-25</subfield>
    <subfield code="w">2020-06-25</subfield>
    <subfield code="y">LFPD</subfield>
    <subfield code="Z">No se presta</subfield>
  </datafield>
  <datafield tag="952" ind1=" " ind2=" ">
    <subfield code="0">0</subfield>
    <subfield code="1">0</subfield>
    <subfield code="7">1</subfield>
    <subfield code="8">PD</subfield>
    <subfield code="a">PD</subfield>
    <subfield code="b">PD</subfield>
    <subfield code="c">HD</subfield>
    <subfield code="d">2010-11-26</subfield>
    <subfield code="i">LF1</subfield>
    <subfield code="l">0</subfield>
    <subfield code="o">253.25 J91c</subfield>
    <subfield code="p">7019-20</subfield>
    <subfield code="r">2020-06-25</subfield>
    <subfield code="t">e. 2</subfield>
    <subfield code="w">2020-06-25</subfield>
    <subfield code="y">LFPD</subfield>
    <subfield code="Z">No se presta</subfield>
  </datafield>
  <datafield tag="952" ind1=" " ind2=" ">
    <subfield code="0">0</subfield>
    <subfield code="1">0</subfield>
    <subfield code="7">1</subfield>
    <subfield code="8">PD</subfield>
    <subfield code="a">PD</subfield>
    <subfield code="b">PD</subfield>
    <subfield code="c">CT</subfield>
    <subfield code="d">2010-03-25</subfield>
    <subfield code="i">LF1</subfield>
    <subfield code="l">0</subfield>
    <subfield code="o">253.25 J91c</subfield>
    <subfield code="p">7020-10</subfield>
    <subfield code="r">2020-06-25</subfield>
    <subfield code="w">2020-06-25</subfield>
    <subfield code="y">LFPD</subfield>
    <subfield code="Z">No se presta</subfield>
  </datafield>
  <datafield tag="999" ind1=" " ind2=" ">
    <subfield code="c">6803</subfield>
    <subfield code="d">6803</subfield>
  </datafield>
</record>
